000 01859nam a22003497a 4500
003 DO-SdBPM
005 20250707134754.0
007 ta
008 151210b2001 sp 00| 0 spa d
020 _a8495787008
040 _aDO-SdBPM
_bspa
_cBPMSU
_erda
082 4 _a158.1
_bE47L 2001
_222
092 _axxxxx
_bxxxxx
100 1 _aEllis, Keith
_d1953-
_eautor
240 1 0 _aThe magic lamp.
_lEspañol.
245 1 0 _aLa lámpara mágica :
_bcómo definir objetivos: para las personas que detestan definir objetivos /
_cKeith Ellis ; traductor Alberto Magnet.
246 1 0 _aLa lámpara mágica :
_buna estratégia para alcanzar tus objetivos.
264 _aBarcelona :
_bEdiciones Urano,
_c2001
300 _a244 páginas ;
_c21 cm
336 _atexto
_btxt
_2rdacontent
337 _asin mediación
_bn
_2rdamedia
338 _avolumen
_bnc
_2rdacarrier
490 0 _aGestión del conocimiento.
505 0 _aPROCESO L.A.M.P. PASO 1: MANTEN EL RUMBO FIJO 25|¿Qué deseas? 27|La finalidad 37|¿Estás dispuesto a pagar el precio? 43|Formula un deseo presentable 47|El plan 57|PROCESO L.A.M.P. PASO 2: ACTUA|La inercia 71|Los hábitos 77|La zona confortable 91|El tiempo 97|La gestión del tiempo 113|Los problemas 121|La ayuda 133|PROCESO L.A.M.P. PASO 3: LA GESTIÓN DE TU PROGRESO|La concentración 141|La conexión 149|La flexibilidad 153|El mapa correcto 257|Fluir con la corriente 161|La lucha 163|Las actitudes 167|PROCESO L.A.M.P. PASO 4: PERSISTIR|La persistencia 173|Los asesinos del deseo 177|El mito de la autodisciplina 181|Respetar las pausas 185|El seguimiento 187|La paciencia 193|El despertar 197
590 _aInventariado, 2025/VM
650 7 _aAptitudes
650 7 _aExito
650 7 _aMotivación (Psicología)
700 1 _aMagnet, Alberto
_etraductor
910 _aVMateo V. Control de calidad. BPMSU
942 _2ddc
_cBK
999 _c9087
_d9087